Une ville, un pays (lettre H) - Statistiques

Statistiques générales
  • Ce quiz a été pris 96 fois
  • Le résultat moyen est 15 sur 24
Statistiques - réponses
Hint Réponse % Correct
Hambourg Allemagne
97%
Hiroshima Japon
97%
Hyères France
95%
Héraklion Grèce
95%
Honolulu Etats-Unis
91%
Helsingborg Suède
89%
Hafnarfjörður Islande
85%
Haikou Chine
80%
Huelva Espagne
77%
Haïphong Vietnam
77%
Haarlem Pays-Bas
76%
Hull Royaume-Uni
70%
Hódmezővásárhely Hongrie
68%
Hermosillo Mexique
59%
Hradec Králové Tchéquie
55%
Huy Belgique
53%
Hobart Australie
45%
Homs Syrie
42%
Huancayo Pérou
32%
Herat Afghanistan
23%
Herceg Novi Monténégro
22%
Holguín Cuba
18%
Hetauda Népal
11%
Ho Ghana
7%
Aucun quiz correspondant
Distribution des résultats
% des personnes avec chaque résultat
Percentile par nombre de réponses
Votre historique - résultats
Vous n’avez pas pris ce quiz